01013cam a2200289 a 450000500170000000800410001701000260005802000260008403500200011003500130013003500130014303700090015603700600016504000170022508200190024210000180026124500800027926000380035927000370039730000320043450000890046660000190055565000340057465000530060865000270066165100350068820080215133237.0070521r20071995stk | 00| 0aeng  aB-321228 B-318185 a9781847670946c425.00 aB-321228  aB-318185 aB-359011 bGDMK aUBHbRP-CL-ENG/E;14/!7.03.09/374/19.03.09/19.03.09  adplbEnglish a973.0405967625 aObama, Barack aDreams from my father :ba story of race and inheritance /cby Barack Obama aEdinburgh bCanongate Booksc2008 a14 High St.bEdinburgh eEH1 1TE axvii, 442 p. c22 cm. (pbk) aThis edition appears without the keynote address to the Democratic Convention, 2004. aObama, Barack. aAfrican AmericansvBiography. aRacially mixed peoplezUnited StatesvBiography. aRacismzUnited States. aUnited StatesxRace relations.